<?xml version="1.0" encoding="UTF-8"?>
<marc:record xmlns:marc="http://www.loc.gov/MARC21/slim" type="Bibliographic">
   <marc:leader>00000ncm a2200000 c 4500</marc:leader>
   <marc:controlfield tag="001">358848067</marc:controlfield>
   <marc:controlfield tag="003">DE-101</marc:controlfield>
   <marc:controlfield tag="005">20171202083741.0</marc:controlfield>
   <marc:controlfield tag="007">q|</marc:controlfield>
   <marc:controlfield tag="008">040827s2004    gw ||a||r|||||||||||ger  </marc:controlfield>
   <marc:datafield ind1=" " ind2=" " tag="015">
      <marc:subfield code="a">04,M11,0072</marc:subfield>
      <marc:subfield code="2">dnb</marc:subfield>
   </marc:datafield>
   <marc:datafield ind1="7" ind2=" " tag="016">
      <marc:subfield code="2">DE-101</marc:subfield>
      <marc:subfield code="a">358848067</marc:subfield>
   </marc:datafield>
   <marc:datafield ind1=" " ind2=" " tag="020">
      <marc:subfield code="a">9783872261847</marc:subfield>
      <marc:subfield code="9">978-3-87226-184-7</marc:subfield>
   </marc:datafield>
   <marc:datafield ind1=" " ind2=" " tag="020">
      <marc:subfield code="a">3872261843</marc:subfield>
      <marc:subfield code="9">3-87226-184-3</marc:subfield>
   </marc:datafield>
   <marc:datafield ind1="2" ind2=" " tag="024">
      <marc:subfield code="a">M200301847</marc:subfield>
      <marc:subfield code="9">M-2003-0184-7</marc:subfield>
   </marc:datafield>
   <marc:datafield ind1="3" ind2="2" tag="028">
      <marc:subfield code="a">184 : EUR 24.80</marc:subfield>
   </marc:datafield>
   <marc:datafield ind1=" " ind2=" " tag="035">
      <marc:subfield code="a">(DE-599)DNB358848067</marc:subfield>
   </marc:datafield>
   <marc:datafield ind1=" " ind2=" " tag="035">
      <marc:subfield code="a">(OCoLC)724554330</marc:subfield>
   </marc:datafield>
   <marc:datafield ind1=" " ind2=" " tag="040">
      <marc:subfield code="a">1340</marc:subfield>
      <marc:subfield code="b">ger</marc:subfield>
      <marc:subfield code="c">DE-101</marc:subfield>
      <marc:subfield code="d">9999</marc:subfield>
   </marc:datafield>
   <marc:datafield ind1=" " ind2=" " tag="041">
      <marc:subfield code="a">ger</marc:subfield>
   </marc:datafield>
   <marc:datafield ind1=" " ind2=" " tag="044">
      <marc:subfield code="c">XA-DE</marc:subfield>
   </marc:datafield>
   <marc:datafield ind1="7" ind2="4" tag="082">
      <marc:subfield code="a">781.64</marc:subfield>
      <marc:subfield code="a">780.7</marc:subfield>
      <marc:subfield code="q">DE-101</marc:subfield>
      <marc:subfield code="2">22sdnb</marc:subfield>
   </marc:datafield>
   <marc:datafield ind1="1" ind2=" " tag="100">
      <marc:subfield code="0">(DE-588)135111463</marc:subfield>
      <marc:subfield code="0">http://d-nb.info/gnd/135111463</marc:subfield>
      <marc:subfield code="0">(DE-101)135111463</marc:subfield>
      <marc:subfield code="a">Vogel, Eckart</marc:subfield>
      <marc:subfield code="d">1951-</marc:subfield>
      <marc:subfield code="e">Komponist</marc:subfield>
      <marc:subfield code="4">cmp</marc:subfield>
   </marc:datafield>
   <marc:datafield ind1="0" ind2="0" tag="245">
      <marc:subfield code="a">KinderStundenStücke</marc:subfield>
      <marc:subfield code="b">Klassenmusizieren für Einsteiger in den Schulklassen 3 bis 6 ; mit ausführlichen Hilfen für Neigungslehrkräfte und beiliegender CD</marc:subfield>
      <marc:subfield code="c">Eckart Vogel</marc:subfield>
   </marc:datafield>
   <marc:datafield ind1=" " ind2=" " tag="250">
      <marc:subfield code="a">Partitur</marc:subfield>
   </marc:datafield>
   <marc:datafield ind1=" " ind2="1" tag="264">
      <marc:subfield code="a">Boppard</marc:subfield>
      <marc:subfield code="a">Salzburg</marc:subfield>
      <marc:subfield code="b">Fidula-Verlag</marc:subfield>
      <marc:subfield code="c">c 2004</marc:subfield>
   </marc:datafield>
   <marc:datafield ind1=" " ind2=" " tag="300">
      <marc:subfield code="a">119 S. + Compact Disc</marc:subfield>
      <marc:subfield code="c">30 cm</marc:subfield>
   </marc:datafield>
   <marc:datafield ind1=" " ind2=" " tag="336">
      <marc:subfield code="a">Noten</marc:subfield>
      <marc:subfield code="b">ntm</marc:subfield>
      <marc:subfield code="2">rdacontent</marc:subfield>
   </marc:datafield>
   <marc:datafield ind1=" " ind2=" " tag="337">
      <marc:subfield code="a">ohne Hilfsmittel zu benutzen</marc:subfield>
      <marc:subfield code="b">n</marc:subfield>
      <marc:subfield code="2">rdamedia</marc:subfield>
   </marc:datafield>
   <marc:datafield ind1=" " ind2=" " tag="338">
      <marc:subfield code="a">Band</marc:subfield>
      <marc:subfield code="b">nc</marc:subfield>
      <marc:subfield code="2">rdacarrier</marc:subfield>
   </marc:datafield>
   <marc:datafield ind1=" " ind2=" " tag="348">
      <marc:subfield code="0">(DE-588)4173447-6</marc:subfield>
      <marc:subfield code="0">http://d-nb.info/gnd/4173447-6</marc:subfield>
      <marc:subfield code="0">(DE-101)041734475</marc:subfield>
      <marc:subfield code="a">Partitur</marc:subfield>
      <marc:subfield code="2">gnd-music</marc:subfield>
   </marc:datafield>
   <marc:datafield ind1=" " ind2=" " tag="500">
      <marc:subfield code="a">Für Orff-Instr.</marc:subfield>
   </marc:datafield>
   <marc:datafield ind1=" " ind2=" " tag="500">
      <marc:subfield code="a">Compact Disc, Best.-Nr. CD 8884.</marc:subfield>
   </marc:datafield>
   <marc:datafield ind1="8" ind2=" " tag="505">
      <marc:subfield code="a">Meine Tante. Gehst du nicht ans Telefon. Ist der Teller leer. Rico. Weisser Flieder. Malzkaffee. Walzer tanzen. Mozart am Telefon. Spät zu Bett. Baden geh'n. Schöne Töne. Diesmal nach Spanien. Helgoland. Komm' doch rüber. Kühlschrank-Swing. Gummiboot. Telemann-Blues.</marc:subfield>
   </marc:datafield>
   <marc:datafield ind1=" " ind2=" " tag="850">
      <marc:subfield code="a">DE-101b</marc:subfield>
      <marc:subfield code="a">DE-101c</marc:subfield>
   </marc:datafield>
   <marc:datafield ind1="4" ind2="2" tag="856">
      <marc:subfield code="m">V:AT-OBV</marc:subfield>
      <marc:subfield code="q">application/pdf</marc:subfield>
      <marc:subfield code="u">http://d-nb.info/358848067/04</marc:subfield>
      <marc:subfield code="3">Inhaltsverzeichnis</marc:subfield>
   </marc:datafield>
   <marc:datafield ind1="r" ind2=" " tag="925">
      <marc:subfield code="a">rm</marc:subfield>
   </marc:datafield>
</marc:record>
